[Event "POR-ch U16"]
[Site "Luso"]
[Date "2017.04.10"]
[Round "4"]
[White "Pinto, Diogo Costa"]
[Black "Martins, Jose Manuel Oliveir"]
[Result "1-0"]
[WhiteElo "1447"]
[BlackElo "1576"]
[PlyCount "107"]
[EventDate "2017.04.08"]
[EventType "swiss"]
[EventRounds "7"]
[EventCountry "POR"]
[SourceTitle "EXT 2018"]
[Source "ChessBase"]
[SourceDate "2017.10.13"]
[SourceVersion "1"]
[SourceVersionDate "2017.10.13"]
[SourceQuality "1"]

1. e4 e5 2. Nf3 Nc6 3. Bb5 a6 4. Ba4 Bc5 5. 0-0 d6 6. d4 exd4 7. Nxd4 Bxd4 8. Qxd4 Qf6 9. Bxc6+ bxc6 10. Qxf6 Nxf6 11. Bg5 Nd7 12. Nd2 0-0 13. Rfe1 Re8 14. Nc4 Bb7 15. Na5 Rab8 16. Nxb7 Rxb7 17. b3 Nc5 18. f3 Ne6 19. Be3 c5 20. Rad1 f6 21. Rd5 Nd8 22. Bd2 Nc6 23. Bc3 a5 24. a4 Reb8 25. f4 Nb4 26. Bxb4 Rxb4 27. e5 Re8 28. g3 Rd4 29. Rxd4 cxd4 30. e6 f5 31. Kf2 Kf8 32. Re2 Ke7 33. Ke1 c5 34. Kd2 Rb8 35. Kd3 g6 36. Kc4 Rb4+ 37. Kd5 d3 38. cxd3 Rxb3 39. d4 Rd3 40. Kc6 Rxd4 41. Kb6 Re4 42. Rd2 Kxe6 43. Kxa5 Rb4 44. Re2+ Re4 45. Rc2 Kd5 46. Rd2+ Kc6 47. Rb2 Re7 48. Rb6+ Kd5 49. Kb5 c4 50. Kb4 Rc7 51. Kc3 Rc5 52. Rb4 Rc7 53. a5 Ra7 54. Ra4 1-0

[Event "Gaia Profigaia op 8th"]
[Site "Vila Nova de Gaia"]
[Date "2015.07.03"]
[Round "8"]
[White "Branco, Joao Carlos Fernand"]
[Black "Pinto, Diogo Costa"]
[Result "1-0"]
[WhiteElo "1564"]
[BlackElo "1334"]
[PlyCount "95"]
[EventDate "2015.06.27"]
[EventType "swiss"]
[EventRounds "9"]
[EventCountry "POR"]
[SourceTitle "EXT 2018"]
[Source "ChessBase"]
[SourceDate "2017.10.13"]
[SourceVersion "1"]
[SourceVersionDate "2017.10.13"]
[SourceQuality "1"]

1. d4 Nf6 2. c4 g6 3. Nc3 Bg7 4. Nf3 0-0 5. Bg5 c6 6. e3 d5 7. Be2 Bg4 8. 0-0 Nbd7 9. cxd5 cxd5 10. Qb3 Nb6 11. h3 Bxf3 12. Bxf3 e6 13. Rfd1 Qd7 14. Qb5 Qxb5 15. Nxb5 a6 16. Nd6 Rab8 17. Rac1 Rfd8 18. Bf4 Nfd7 19. e4 e5 20. Bg3 exd4 21. exd5 Be5 22. Nc4 Bxg3 23. fxg3 Rbc8 24. b3 Nxc4 25. bxc4 Ne5 26. Rxd4 Nxf3+ 27. gxf3 b6 28. Kf2 Rc5 29. Rb1 Rd6 30. a4 a5 31. Rb5 Rxb5 32. cxb5 Kg7 33. Ke3 f5 34. f4 Kf7 35. Rd1 Ke7 36. Kd4 Kf6 37. Rc1 Ke7 38. Rc6 Kd7 39. Rc1 Ke7 40. Rc7+ Rd7 41. Rxd7+ Kxd7 42. Ke5 Ke7 43. d6+ Kd7 44. Kd5 h6 45. h4 h5 46. Ke5 Ke8 47. Ke6 Kd8 48. d7 1-0

[Event "Gaia Profigaia op 8th"]
[Site "Vila Nova de Gaia"]
[Date "2015.07.01"]
[Round "7"]
[White "Pinto, Diogo Costa"]
[Black "Nogueira, Diana Sofia Cunha"]
[Result "1/2-1/2"]
[WhiteElo "1334"]
[BlackElo "1590"]
[PlyCount "111"]
[EventDate "2015.06.27"]
[EventType "swiss"]
[EventRounds "9"]
[EventCountry "POR"]
[SourceTitle "EXT 2018"]
[Source "ChessBase"]
[SourceDate "2017.10.13"]
[SourceVersion "1"]
[SourceVersionDate "2017.10.13"]
[SourceQuality "1"]

1. e4 e5 2. Nf3 Nc6 3. Bb5 a6 4. Ba4 Nf6 5. d3 b5 6. Bb3 Be7 7. 0-0 d6 8. h3 Na5 9. Nbd2 Nxb3 10. Nxb3 c5 11. Be3 0-0 12. Nbd2 h6 13. c3 Bb7 14. Qc2 Rc8 15. Rac1 Re8 16. Qb1 Bf8 17. Rfe1 Qd7 18. Nh2 Nh5 19. Nhf1 f5 20. exf5 Qxf5 21. d4 Qxb1 22. Rxb1 exd4 23. cxd4 c4 24. Nh2 Bd5 25. a3 Nf6 26. Rbc1 Ne4 27. Nhf3 a5 28. Nxe4 Bxe4 29. Bd2 Ra8 30. Bc3 g5 31. Nd2 Bg6 32. Rxe8 Bxe8 33. Re1 d5 34. Bxa5 Bg6 35. Bc3 Rb8 36. Nf3 b4 37. axb4 Bxb4 38. Ne5 Bxc3 39. bxc3 Be8 40. Ng4 Kg7 41. Re6 h5 42. Ne3 Bf7 43. Rd6 Rb5 44. Nf5+ Kf8 45. Rd8+ Be8 46. Nd6 Rb1+ 47. Kh2 Ke7 48. Rxe8+ Kxd6 49. Kg3 Rc1 50. Re3 Rc2 51. f3 h4+ 52. Kh2 Rd2 53. Kg1 Rc2 54. Kf1 Rc1+ 55. Ke2 Rc2+ 56. Kf1 1/2-1/2

[Event "Gaia Profigaia op 6th"]
[Site "Vila Nova de Gaia"]
[Date "2013.07.07"]
[Round "4.24"]
[White "Brandao, Alvaro"]
[Black "Pinto, Diogo Costa"]
[Result "1-0"]
[WhiteElo "1661"]
[BlackElo "1301"]
[PlyCount "61"]
[EventDate "2013.07.06"]
[EventType "swiss"]
[EventRounds "9"]
[EventCountry "POR"]
[SourceTitle "EXT 2015"]
[Source "ChessBase"]
[SourceDate "2014.11.20"]
[SourceVersion "1"]
[SourceVersionDate "2014.11.20"]
[SourceQuality "1"]

1. d4 Nf6 2. Nf3 e6 3. Bf4 d5 4. e3 Be7 5. h3 0-0 6. Bd3 Bd6 7. Nbd2 Bxf4 8. exf4 Re8 9. Ne5 Nbd7 10. h4 Nxe5 11. fxe5 Nd7 12. Qh5 h6 13. g4 f6 14. Bg6 Rf8 15. f3 b6 16. 0-0-0 c5 17. c3 Ba6 18. g5 fxg5 19. hxg5 Qxg5 20. Qxg5 hxg5 21. Rh2 Rfd8 22. Rdh1 Kf8 23. Rg1 cxd4 24. cxd4 Rac8+ 25. Kb1 Nb8 26. Rxg5 Rc7 27. Rh8+ Ke7 28. Rxd8 Kxd8 29. Rh5 Nd7 30. Rh8+ Ke7 31. Re8# 1-0

[Event "Gaia Profigaia op 6th"]
[Site "Vila Nova de Gaia"]
[Date "2013.07.06"]
[Round "1.22"]
[White "Pinto, Diogo Costa"]
[Black "Dias, Ivo Rodrigues"]
[Result "0-1"]
[WhiteElo "1301"]
[BlackElo "1874"]
[PlyCount "78"]
[EventDate "2013.07.06"]
[EventType "swiss"]
[EventRounds "9"]
[EventCountry "POR"]
[SourceTitle "EXT 2015"]
[Source "ChessBase"]
[SourceDate "2014.11.20"]
[SourceVersion "1"]
[SourceVersionDate "2014.11.20"]
[SourceQuality "1"]

1. e4 c5 2. Nf3 e6 3. d4 cxd4 4. Nxd4 a6 5. Nc3 b5 6. a3 Bb7 7. Bd3 Qb6 8. Nb3 Qc7 9. Be3 Nf6 10. Nd2 d5 11. exd5 Nxd5 12. Nxd5 Bxd5 13. Be4 Bxe4 14. Nxe4 Be7 15. 0-0 0-0 16. Bg5 f6 17. Be3 Nd7 18. Qd2 Rac8 19. Rfd1 Rfd8 20. Rac1 Nc5 21. Qc3 Nxe4 22. Qxc7 Rxc7 23. Rf1 Bc5 24. Bxc5 Rxc5 25. f3 Nd2 26. Rfd1 Rcd5 27. b3 Nxf3+ 28. gxf3 Rxd1+ 29. Rxd1 Rxd1+ 30. Kf2 Rd2+ 31. Kg3 Rxc2 32. a4 e5 33. axb5 axb5 34. Kg4 g6 35. h4 f5+ 36. Kg3 e4 37. fxe4 fxe4 38. Kf4 Re2 39. b4 Kf7 0-1